000 00687nam a2200265Ia 4500
003 OSt
005 20221007100655.0
006 a|||||r|||| 00| 0
007 ta
008 221006b |||||||| |||| 00| 0 eng d
024 _a4,878
037 _cTextual
040 _aLCO
_cLCO
_beng
041 _2eng
_aeng
082 _aZ2,3, M3.2
100 _aROW Sanjiva
_9232802
245 0 _aContract act and law relating to tenders
250 _a9
260 _aAllahabad
_bLaw Pub.
_c1984
300 _a1097-1979
490 _vVol - 2
650 _aCONTRACT ACT
_9424981
942 _hZ2,3, M3.2
_cTEXL
999 _c1174441
_d1174441